Communication systems / (Record no. 183625)

000 -LEADER
fixed length control field 00705 a2200229 4500
003 - CONTROL NUMBER IDENTIFIER
control field Nust
005 - DATE AND TIME OF LATEST TRANSACTION
control field 20170207153310.0
010 ## - LIBRARY OF CONGRESS CONTROL NUMBER
LC control number 99042977
020 ## - INTERNATIONAL STANDARD BOOK NUMBER
International Standard Book Number 9971513056
035 ## - SYSTEM CONTROL NUMBER
System control number (DLC) 99042977
040 ## - CATALOGING SOURCE
Transcribing agency Nust
082 00 - DEWEY DECIMAL CLASSIFICATION NUMBER
Classification number 621.382
100 1# - MAIN ENTRY--PERSONAL NAME
Personal name Haykin, Simon S.,
245 10 - TITLE STATEMENT
Title Communication systems /
Statement of responsibility, etc. Simon Haykin.
250 ## - EDITION STATEMENT
Edition statement 4th ed.
260 ## - PUBLICATION, DISTRIBUTION, ETC.
Place of publication, distribution, etc. New York :
Name of publisher, distributor, etc. Wiley,
Date of publication, distribution, etc. c2001.
300 ## - PHYSICAL DESCRIPTION
Extent xviii, 816 p. :
Other physical details ill. ;
Dimensions 26 cm.
650 #0 - SUBJECT ADDED ENTRY--TOPICAL TERM
Topical term or geographic name entry element Signal theory (Telecommunication)
650 #0 - SUBJECT ADDED ENTRY--TOPICAL TERM
Topical term or geographic name entry element Telecommunication.
856 42 - ELECTRONIC LOCATION AND ACCESS
Materials specified Publisher description
Uniform Resource Identifier <a href="http://www.loc.gov/catdir/description/wiley032/99042977.html">http://www.loc.gov/catdir/description/wiley032/99042977.html</a>
856 42 - ELECTRONIC LOCATION AND ACCESS
Materials specified Table of Contents
Uniform Resource Identifier <a href="http://www.loc.gov/catdir/toc/onix02/99042977.html">http://www.loc.gov/catdir/toc/onix02/99042977.html</a>
942 ## - ADDED ENTRY ELEMENTS (KOHA)
Source of classification or shelving scheme
Koha item type Book
Holdings
Withdrawn status Lost status Source of classification or shelving scheme Damaged status Not for loan Collection code Permanent Location Current Location Date acquired Total Checkouts Total Renewals Full call number Barcode Checked out Date last seen Date last checked out Price effective from Koha item type
            Military College of Signals (MCS) Military College of Signals (MCS) 12/12/2016 1 1 621.382 HAY MCS31431 12/23/2022 08/25/2022 08/25/2022 12/12/2016 Book
© 2023 Central Library, National University of Sciences and Technology. All Rights Reserved.